Oulujoen ylittävät sillat - Statistics

Yleistilastot
  • Tätä visaa on pelattu 10 kertaa
  • Keskiarvotulos 6 / 18
Vastaustilastot
Kunta Silta % Oikein
Oulu Erkkolan silta
70%
Oulu Poikkimaantien silta
60%
Oulu Merikosken sillat
50%
Oulu Oulujoen silta
50%
Oulu Rautasilta
50%
Muhos Laukan silta
40%
Muhos {Montan}tie tai {Monta}n voimalaitos
40%
Oulu Sangin silta
40%
Utajärvi {Utasen}tie tai {Utase}n voimalaitos
40%
Vaala {Jylhämän}tie tai {Nuojua}n voimalaitos
30%
Muhos ja Utajärvi {Repokankaan}tie tai {Pälli}n voimalaitos
30%
Vaala {Vanha}tie tai {Jylhämä}n voimalaitos
30%
Muhos {Leppiniemen}tie tai {Pyhäkoske}n voimalaitos
20%
Vaala {Vaalankurku}n silta
20%
Utajärvi {Kajaanin}tie
10%
Utajärvi {Puolangan}tie
10%
Utajärvi {Saviniemen}tie
10%
Vaala {Vaalankurku}n rautatiesilta
10%
Ehtoja vastaavia visoja ei löytynyt
Tulosjakauma
Jokaisen tuloksen saaneiden osuus
Persentiili vastausten määrän mukaan
Tuloshistoriasi
Et ole pelannut tätä visaa